| 000 -LEADER |
| fixed length control field |
00481nam a2200133 4500 |
| 008 - FIXED-LENGTH DATA ELEMENTS--GENERAL INFORMATION |
| fixed length control field |
250731b ||||| |||| 00| 0 eng d |
| 040 ## - CATALOGING SOURCE |
| Original cataloging agency |
BMSCA |
| 100 ## - MAIN ENTRY--PERSONAL NAME |
| Personal name |
Naik, Anup |
| 245 ## - TITLE STATEMENT |
| Title |
A passive right approach for housing in Bengaluru region- a framework for sustainability based on traditional Indian architecture and Indian green rating system |
| 300 ## - PHYSICAL DESCRIPTION |
| Extent |
pp |
| 502 ## - DISSERTATION NOTE |
| Name of granting institution |
Visvesvaraya Technological University, Belagavi |
| Year degree granted |
2021 |
| 700 ## - ADDED ENTRY--PERSONAL NAME |
| Personal name |
Guide: Mamatha P Raj |
| 942 ## - ADDED ENTRY ELEMENTS (KOHA) |
| Source of classification or shelving scheme |
|